<?xml version="1.0" encoding="UTF-8"?>
<record
    xmlns:xsi="http://www.w3.org/2001/XMLSchema-instance"
    xsi:schemaLocation="http://www.loc.gov/MARC21/slim http://www.loc.gov/standards/marcxml/schema/MARC21slim.xsd"
    xmlns="http://www.loc.gov/MARC21/slim">

  <leader>03418nam a2200421Ii 4500</leader>
  <controlfield tag="001">DIGPOLIF0043</controlfield>
  <controlfield tag="003">NyNyDIG</controlfield>
  <controlfield tag="006">m     o  d        </controlfield>
  <controlfield tag="007">cr |||||||||||</controlfield>
  <controlfield tag="008">131001s1997    sp a    ob    000 0bspa d</controlfield>
  <datafield tag="020" ind1=" " ind2=" ">
    <subfield code="z">9788486547370</subfield>
  </datafield>
  <datafield tag="020" ind1=" " ind2=" ">
    <subfield code="z">8486547377</subfield>
  </datafield>
  <datafield tag="035" ind1=" " ind2=" ">
    <subfield code="a">(OCoLC)888273903</subfield>
  </datafield>
  <datafield tag="040" ind1=" " ind2=" ">
    <subfield code="a">DGITA</subfield>
    <subfield code="b">eng</subfield>
    <subfield code="e">pn</subfield>
    <subfield code="c">DGITA</subfield>
  </datafield>
  <datafield tag="043" ind1=" " ind2=" ">
    <subfield code="a">a-ph---</subfield>
  </datafield>
  <datafield tag="050" ind1="1" ind2="4">
    <subfield code="a">DS577 eBook</subfield>
  </datafield>
  <datafield tag="100" ind1="1" ind2=" ">
    <subfield code="a">Morga, Antonio de,</subfield>
    <subfield code="d">1559-1636.</subfield>
  </datafield>
  <datafield tag="245" ind1="1" ind2="0">
    <subfield code="a">Sucesos de las Islas Filipinas  /</subfield>
    <subfield code="c">Antonio de Morga.</subfield>
  </datafield>
  <datafield tag="264" ind1=" " ind2="1">
    <subfield code="a">Madrid :</subfield>
    <subfield code="b">Ediciones Polifemo,</subfield>
    <subfield code="c">1997.</subfield>
  </datafield>
  <datafield tag="300" ind1=" " ind2=" ">
    <subfield code="a">1 online resource (xxxiv, 604 pages) :</subfield>
    <subfield code="b">ill.</subfield>
  </datafield>
  <datafield tag="336" ind1=" " ind2=" ">
    <subfield code="a">text</subfield>
    <subfield code="b">txt</subfield>
    <subfield code="2">rdacontent</subfield>
  </datafield>
  <datafield tag="337" ind1=" " ind2=" ">
    <subfield code="a">computer</subfield>
    <subfield code="b">c</subfield>
    <subfield code="2">rdamedia</subfield>
  </datafield>
  <datafield tag="338" ind1=" " ind2=" ">
    <subfield code="a">online resource</subfield>
    <subfield code="b">cr</subfield>
    <subfield code="2">rdacarrier</subfield>
  </datafield>
  <datafield tag="490" ind1="1" ind2=" ">
    <subfield code="a">Cr&#xF3;nicas y memorias ;</subfield>
    <subfield code="v">v. 3.</subfield>
  </datafield>
  <datafield tag="500" ind1=" " ind2=" ">
    <subfield code="a">First published in: Sucesos de las Islas filipinas. Dirigido a don Cristoval Gomez de Sandoual y Rojas, duque de Cea. Por el doctor Antonio de Morga, alcalde del crimen, de la real Audiencia de la Nueua Espa&#xF1;a, consultor del santo Oficio de la inquisicion. En Mexico. En casa de Geronymo Balli, Por Cornelio Adriano Cesar, 1609.</subfield>
  </datafield>
  <datafield tag="500" ind1=" " ind2=" ">
    <subfield code="a">"Desde su primera edici&#xF3;n en 1609, la obra de Antonio de Morga Sucesos de las Islas Filipinas ha sido impresa varias veces y en diferentes idiomas. Reeditada por primera vez en ingl&#xE9;s en 1868, hubo que esperar a 1890 para que lo fuera en castellano, con anotaciones -muy cr&#xED;ticas al sistema pol&#xED;tico colonial- del nacionalista filipino Jos&#xE9; Rizal, quien culpaba a Espa&#xF1;a y a las &#xD3;rdenes religiosas del atraso de su pa&#xED;s. La rei&#xAD; vindicaci&#xF3;n de la labor espa&#xF1;ola -pero no tanto de la de los frailes- se produjo en 1909, siendo su autor el funcionario estatal Wenceslao E. Retana. Por razones f&#xE1;ciles de comprender, la edici&#xF3;n cr&#xED;tica de Rizal ha conocido varias reimpresiones en Filipinas, mientras la de Retana no ha corrido igual suerte en la antigua metr&#xF3;poli. La edici&#xF3;n que aqu&#xED; presentamos a&#xFA;na ambas, en un intento de ofrecer a sus lectores la posibili&#xAD; dad de comparar la ideolog&#xED;a subyacente a ambos cr&#xED;ticos, facilitando adem&#xE1;s un acce&#xAD; so a la obra de Morga y sus comentaristas hoy dif&#xED;cil por su antig&#xFC;edad y rareza."--P. [xiii]</subfield>
  </datafield>
  <datafield tag="500" ind1=" " ind2=" ">
    <subfield code="a">"Esta edici&#xF3;n presenta, a pie de p&#xE1;gina, las anotaciones de Rizal a su edici&#xF3;n de 1890 y, al final de cada Cap&#xED;tulo, las de Retana a la suya de 1909. Asimismo, al final del texto de Morga se han a&#xF1;adido, en primer lugar, el pr&#xF3;logo de Blumentritt a la edici&#xF3;n de Rizal y, a continuaci&#xF3;n, el "Estudio preliminar" y los ap&#xE9;ndices documen&#xAD; tales que Retana realiz&#xF3; para la suya. El texto -al que s&#xF3;lo se ha modernizado la gra&#xAD; f&#xED;a v/u y la acentuaci&#xF3;n- es la transcripci&#xF3;n de la primera edici&#xF3;n de 1609 conserva&#xAD; da en la Real Academia de la Lengua Espa&#xF1;ola de Madrid; con ello hemos intentado corregir ciertos errores editoriales detectados en las ediciones de RizaF3 y Retana."--P. [xxxiv] </subfield>
  </datafield>
  <datafield tag="504" ind1=" " ind2=" ">
    <subfield code="a">Includes bibliographical references.</subfield>
  </datafield>
  <datafield tag="651" ind1=" " ind2="0">
    <subfield code="a">Philippines</subfield>
    <subfield code="x">History</subfield>
    <subfield code="y">1521-1812.</subfield>
  </datafield>
  <datafield tag="655" ind1=" " ind2="0">
    <subfield code="a">Electronic books.</subfield>
  </datafield>
  <datafield tag="700" ind1="1" ind2=" ">
    <subfield code="a">Sanz, Jorge.</subfield>
  </datafield>
  <datafield tag="791" ind1="2" ind2=" ">
    <subfield code="a">Digitalia (Firm),</subfield>
    <subfield code="e">distributor.</subfield>
  </datafield>
  <datafield tag="830" ind1=" " ind2="0">
    <subfield code="a">Cr&#xF3;nicas y memorias ;</subfield>
    <subfield code="v">v. 3.</subfield>
  </datafield>
  <datafield tag="793" ind1="0" ind2=" ">
    <subfield code="g">Digitalia eBook Collection:</subfield>
    <subfield code="a">Ediciones Polifemo.</subfield>
  </datafield>
  <datafield tag="856" ind1="4" ind2="0">
    <subfield code="3">Digitalia Hisp&#xE1;nica</subfield>
    <subfield code="u">https://www.digitaliapublishing.com/a/18951/</subfield>
  </datafield>
  <datafield tag="910" ind1=" " ind2=" ">
    <subfield code="a">Premium Collection: 2007-2012</subfield>
  </datafield>
  <datafield tag="942" ind1=" " ind2=" ">
    <subfield code="c">RAA</subfield>
  </datafield>
  <datafield tag="952" ind1=" " ind2=" ">
    <subfield code="0">0</subfield>
    <subfield code="1">0</subfield>
    <subfield code="4">0</subfield>
    <subfield code="7">0</subfield>
    <subfield code="8">DEH</subfield>
    <subfield code="a">BD-UIN</subfield>
    <subfield code="b">BD-UIN</subfield>
    <subfield code="d">2025-04-25</subfield>
    <subfield code="l">0</subfield>
    <subfield code="r">2025-04-25</subfield>
    <subfield code="w">2025-04-25</subfield>
    <subfield code="y">RAA</subfield>
  </datafield>
  <datafield tag="999" ind1=" " ind2=" ">
    <subfield code="c">236178</subfield>
    <subfield code="d">236178</subfield>
  </datafield>
</record>
